| 000 | 01081nam a22002297a 4500 | ||
|---|---|---|---|
| 008 | 101107t xxu||||| |||| 00| 0 eng d | ||
| 020 | _a1572702842 | ||
| 020 | _a9781572702844 | ||
| 082 |
_a823.912 _bCHR |
||
| 100 |
_914429 _aChristie, Agatha, _d1890-1976. |
||
| 245 |
_aMurder in the Mews / _cAgatha Christie; Read by Nigel Hawthorne; Hugh Fraser |
||
| 250 | _aunbridged ed. | ||
| 260 |
_a Auburn, Calif. : _bAudio Partners, 2002. _c2002 |
||
| 300 |
_a4 sound discs : _bdigital ; _c4 3/4 in. |
||
| 490 |
_920995 _aAudio Editions mystery masters |
||
| 505 | _aMurder in the mews -- The incredible theft -- Triangle at Rhodes | ||
| 520 | _a Time-tested mystery writer Agatha Christie presents three classic novellas: The Incredible Theft; Murder in the Mews; and Triangle at Rhodes, each featuring renowned detective Hercule Poirot. | ||
| 700 |
_920996 _aHawthorne, Nigel |
||
| 700 |
_920997 _aFraser, Hugh |
||
| 942 |
_2ddc _cCDR |
||
| 999 |
_c14814 _d14814 |
||